000 00645nam a2200217 a 4500
001 17639
003 BD-RjUL
005 20211209000154.0
008 140217s1963 enka 001 0 eng d
035 _a(BD-RjUL) 17697
040 _aBD-RjUL
_beng
_cBD-RjUL
_dBD-RjUL
041 _aeng
082 _a709.0214
_bRIA 1963
100 1 _aRice, David Talbot,
_d1903-1972.
_951182
245 1 0 _aArt of the Byzantine era /
_cDavid Talbot Rice.
260 _aLondon :
_bThames and Hudson,
_c1963.
300 _a286 p. :
_bill. (some col.) ;
_c22 cm
504 _aIncludes bibliography and index.
650 0 _aArt, Byzantine.
_954386
942 _2ddc
_cBK
999 _c17639
_d17639